Дженифър (Запис номер 1315)
[ съкратено ]
| 000 -Лидер | |
|---|---|
| Контролно поле с фиксирана дължина | 01196nam a2200325 c 4500 |
| 003 - Код на организацията, давaща контролен номер | |
| Контролно поле | BLK |
| 005 - Дата и час на последна редакция | |
| Контролно поле | 20180420213343.0 |
| 008 - Елементи от данни с фиксирана дължина | |
| fixed length control field | 180412b bul|||||r ||||||| ||bul|| |
| 010 ## - Наследен системен номер | |
| LC control number | KNG00002128000 |
| 020 ## - Международен стандартен номер на книга ISBN | |
| Международен стандартен номер на книга ISBN | 954-439-227-0 |
| -- | издат.: Слово |
| 040 ## - Източник на каталожния запис | |
| Идентификатор на билиотеката - собственик на записа | BLK |
| 041 ## - Код за език | |
| Код за езика на текст/звукозапис или на отделно заглавие | Български |
| Код за езика КДБФ | Български |
| 080 ## - УДК | |
| Текстов определител УДК | Американска литература (на САЩ) |
| УДК код - определител по УДК | 821.111(73) |
| УДК определител | -31 |
| УДК - код + определител | 821.111(73)-31 |
| 100 1# - Редна дума - Автор | |
| Автор | Брейди, Джил |
| Авторска отговорност | първи автор |
| R(LIN) | 244016 |
| 139 ## - Редно поле | |
| Редна дума | Брейди, Джил |
| Авторски знак | Бре - Б 80 |
| 245 10 - Сведения за заглавието | |
| Заглавие | Дженифър |
| Подзаглавни данни | Роман |
| Редно поле (дума) | Джил Брейди; прев. от англ. Мария Йорданова. |
| 257 ## - Страна на издаване | |
| Страна на създаване/издаване | Съединени американски щати |
| 260 ## - Област на издателските данни | |
| -- | В. Търново |
| Име на издателя, разпространителя и проч. | Слово |
| Година на издаване | 1994 |
| 300 ## - Физическа характеристика | |
| Страници | 102 с. |
| Размери/Мащаб | 20 см |
| 380 ## - Жанр | |
| Жанр | Худож. лит. |
| 490 1# - СЕРИИ (Колекции) | |
| Име на серия | Любовни романи |
| 490 1# - СЕРИИ (Колекции) | |
| -- | Подсерия |
| Име на серия | С имена на жени |
| №: серия | N 20 |
| 500 ## - Общи забележки | |
| Забележка | Ориг. загл. Bahama storm affair / Jill Brady. - 20 000 тир. |
| 700 1# - Други автори (авторска отговорност) | |
| Лично име | Йорданова, Мария |
| Автороска отговорност (Описва отношението между автора и произведението) | прев. от англ. |
| 9 (RLIN) | 244017 |
| 852 ## - Местоположение | |
| Форматна сигнатура | Цб 178482 |
| 856 4# - Електронен адрес и достъп | |
| Електронен формат | pdf - файл |
| Път до файла /url/ | |
| 856 4# - Електронен адрес и достъп | |
| Електронен формат | pdf - файл |
| Път до файла /url/ | |
| 942 ## - АРТИКУЛИ | |
| Вид на библиотечния материал | Книги |
| Скрит в OPAC | Не |
| 944 ## - СЪЗДАВАНЕ И РЕДАКЦИЯ на ЗАПИСА | |
| Създаване/Редакция | Създаване |
| Дата на регистрацията/редакция | 15.01.2003 |
| Служител, извършил регистрацията/редакцията | Геновева_Генчева |
| 944 ## - СЪЗДАВАНЕ И РЕДАКЦИЯ на ЗАПИСА | |
| Създаване/Редакция | Редакция |
| Дата на регистрацията/редакция | 02.08.2004 |
| Служител, извършил регистрацията/редакцията | |
| 999 ## - СИСТЕМНИ КОНТРОЛНИ НОМЕРА | |
| Koha biblionumber | 1315 |
| Koha biblioitemnumber | 1315 |
| Код за отписване | Код за изгубен артикул | Източник на класификационната схема | Код за повреда | Коз за рестрикции | Код за отдаване | Артикулен № | Име на библиотеката - собственик | Име на библиотеката, в която се намира в момента | Статус (Текущо местоположение) | Дата на вписване в системата | Местоположение - отдел | Цена в лева | Инвентарен номер | Систематично азбучна сигнатура | Баркод | Номер на екземпляра | Цена в евро | Служебен тип на артикула | Служебна бележка |
|---|---|---|---|---|---|---|---|---|---|---|---|---|---|---|---|---|---|---|---|
| Изтеглен | Не е изгубен | Universal Decimal Classification | Не е повреден | без рестрикции | заемане за дома | 2591 | Регионална библиотека "Любен Каравелов" Русе | Регионална библиотека "Любен Каравелов" Русе | Заемна - подръчен фонд | 2001-01-01 | Заемна - подръчен фонд | 5.00 | 630597 | П 820(73)-31/Б 80 | 630597 | 1 | 2.56 | Книги | |
| Изтеглен | Не е изгубен | Universal Decimal Classification | Не е повреден | без рестрикции | заемане за дома | 2592 | Регионална библиотека "Любен Каравелов" Русе | Регионална библиотека "Любен Каравелов" Русе | Заемна - подръчен фонд | 2004-07-28 | Заемна - подръчен фонд | 1.70 | 120000687260 | П 820(73)-31/Б 80 | 120000687260 | 2 | 0.87 | Книги | Дост: DA Вид: А N: 17 Дата: 27.07.2004 Дата инв: 15.02.2018 Бележки инв: П2018 |
| Не е изгубен | Не е повреден | без рестрикции | ползва се в читалня | 2593 | Регионална библиотека "Любен Каравелов" Русе | Регионална библиотека "Любен Каравелов" Русе | Хранилище | 1994-01-01 | Хранилище | 0.34 | 602936 | Цб 178482 | 602936 | 3 | 0.17 | Книги | Дост: Dp Вид: Д N: 19 Дата: 01.01.1994 Дата инв: 30.09.2015 Бележки инв: Цб2015 |